000 00775nam a2200181Ia 4500
008 090123s9999 xx 000 0 und d
082 _b22622
100 _aमंगळवेढेकर राजा
245 _aहा शोध भारताचा (सुवर्णयुगाचा हस्त)
250 _a2
260 _bअतुल बुक एजन्सी प्रकाशन
_c1988
300 _a63
600 _aमंगळवेढेकर राजा
630 _aहा शोध भारताचा (सुवर्णयुगाचा हस्त)
700 _aमंगळवेढेकर राजा
730 _aहा शोध भारताचा (सुवर्णयुगाचा हस्त)
942 _cBOOK
999 _c60694
_d60694